| 000 | 00562nam a2200229 a 4500 | ||
|---|---|---|---|
| 999 |
_c11026 _d11026 |
||
| 001 | 11026 | ||
| 003 | BD-JhCC | ||
| 005 | 20200220134008.0 | ||
| 008 | 190625s20092019bg |||| |||| 000 0 eng d | ||
| 020 | _a9847002002820 | ||
| 035 | _a(BD-JhCC)11026 | ||
| 040 |
_aBD-JhCC _dBD-JhCC |
||
| 041 | _aeng | ||
| 082 |
_a811.52 _bFOR 2019 |
||
| 100 | _aFrost, Robert | ||
| 245 |
_aSelected Poems / _cRobert Frost |
||
| 260 |
_aDhaka : _bFriends classics, _c2019 |
||
| 300 |
_a300 p. : _c22 cm |
||
| 650 | _aAmerican poetry | ||
| 650 | _aPoetry | ||
| 942 |
_2ddc _cBK _04 |
||